| 000 | 00725nam a22002417a 4500 | ||
|---|---|---|---|
| 003 | BD-DhJNU | ||
| 005 | 20250409054030.0 | ||
| 008 | 250409b |||||||| |||| 00| 0 eng d | ||
| 020 | _a8121910366 | ||
| 040 |
_aBD-DhJNU _bENG _cBD-DhJNU _dBD-DhJNU |
||
| 082 |
_223 _a301 RAS |
||
| 100 | _aRao, C.N. Shankar | ||
| 245 |
_aSociology : _bprinciples of sociology with an introduction to social thought / _cC. N. Shankar Rao |
||
| 260 |
_aNew Delhi : _bS. Chand, _c2011. |
||
| 300 |
_axiv, 891p. : _bill. ; _c24 cm. |
||
| 504 | _aIncludes bibliographies | ||
| 650 | _aSocial research | ||
| 650 | _aSocial thoughts | ||
| 650 | _aSocial movements | ||
| 650 | _aSocial control | ||
| 650 | _aCommunities | ||
| 942 |
_2ddc _cBK _n0 |
||
| 999 |
_c1555 _d1555 |
||